Statistics for 2023-24 NFL COACHES BY PICTURE

Click here to take the quiz!

General Stats

  • This quiz has been taken 158 times
  • The average score is 23 of 32

Answer Stats

Answer% Correct
Andy Reid
99%
Bill Belichick
92%
Mike Tomlin
92%
Ron Rivera
91%
Mike McDaniel
88%
Doug Pederson
87%
Sean Payton
86%
John Harbaugh
85%
Pete Carroll
84%
Mike McCarthy
81%
Robert Saleh
81%
Sean McVay
81%
Dan Campbell
79%
Mike Vrabel
78%
Nick Sirianni
77%
Arthur Smith
76%
Kyle Shanahan
75%
DeMeco Ryans
74%
Sean McDermott
72%
Zac Taylor
69%
Brian Daboll
67%
Matt LaFleur
67%
Frank Reich
66%
Josh McDaniels
63%
Kevin Stefanski
63%
Brandon Staley
59%
Todd Bowles
59%
Kevin O'Connell
57%
Jonathan Gannon
53%
Matt Eberflus
50%
Shane Steichen
45%
Dennis Allen
42%

Score Distribution

Percentile by Number Answered

Percent of People with Each Score

Your Score History

You have not taken this quiz